000 00711nam a22002057a 4500
999 _c20169
_d20169
003 AR-CdUCM
008 190527b ||||| |||| 00| 0 spa d
040 _aMUNICIPALIDAD PROVINCIAL DEL CUSCO
_cBIBLIOTECA MUNICIPAL DEL CUSCO
082 _a869.56 /
_bT331C
100 _aTejada Manrique, Juan Marcial
_91177
245 _aConfidencias con las olas /
260 _aLima :
_bImpr. del Colegio Particular Nstra. Sra. de La Merced,
_c1995.
300 _a236 páginas
_c21 cm.
500 _aObra escrita en Arequipa el año 1959.
505 _aContenido: Primer día -- Segundo día -- Tercer día...
650 _aNovelas peruanas
_9545
650 _aSiglo XX
_98
942 _2ddc
_cLIBROS
945 _aJavier